[Event "Madrid rapid"]
[Site "Madrid"]
[Date "1988.??.??"]
[Round "5"]
[White "Andersson, Ulf"]
[Black "Dolmatov, Sergey"]
[Result "1/2-1/2"]
[WhiteElo "2605"]
[BlackElo "2565"]

1.d4 e6 2.Nf3 f5 3.g3 Nf6 4.Bg2 d5 5.O-O Bd6 6.b3 Qe7 7.c4 c6 8.Ne5 O-O 9.Nd3 b6
10.Bf4 Bb7 11.Nd2 Nbd7 12.Qc2 Rac8 13.Qb2 Ne4 14.Bxd6 Qxd6 15.Rfd1 c5 16.cxd5 exd5
17.Rac1 Ndf6 18.dxc5 bxc5 19.Qa3 Qa6 20.Qxa6 Bxa6 21.Nxe4 fxe4 22.Nxc5 Bxe2
23.Rd2 Bg4 24.b4 Rc7 25.h3 Bh5 26.Re1 Bf7 27.f3 exf3 28.Bxf3 a5 29.a3 axb4
30.axb4 Ra8 31.g4 h6 32.Kf2 Ra3 33.Re3 Ra1 34.h4 Rb1 35.Rd4 Rb2+ 36.Re2 Rb1
37.g5 hxg5 38.hxg5 Nh7 39.Re5 Nf8 40.Bxd5 Bxd5 41.Rexd5 Re7 42.Rd8 Rf7+ 43.Ke3 Kh7
44.Rh4+ Kg6 45.Rg4 Ne6 46.Nxe6 Re1+ 47.Kd2 Rxe6 48.Rd5 Rf5  1/2-1/2

[Event "Madrid rapid"]
[Site "Madrid"]
[Date "1988.??.??"]
[Round "8"]
[White "Sokolov, Andrei"]
[Black "Andersson, Ulf"]
[Result "1/2-1/2"]
[WhiteElo "2595"]
[BlackElo "2605"]

1.e4 e6 2.d4 d5 3.Nd2 c5 4.exd5 Qxd5 5.Ngf3 cxd4 6.Bc4 Qd6 7.O-O Nf6 8.Nb3 Nc6
9.Nbxd4 Nxd4 10.Nxd4 Bd7 11.c3 Qc7 12.Qe2 Bd6 13.g3 O-O 14.Nb5 Bxb5 15.Bxb5 Rfd8
16.Be3 Nd5 17.Bg5 Be7 18.Bxe7 Nxe7 19.Rad1 g6 20.Rxd8+ Rxd8 21.Rd1 Rxd1+
22.Qxd1 b6 23.Qd4 Nf5 24.Qd2 h5 25.Bf1 h4 26.Bh3 hxg3 27.hxg3 Qd6 28.Qxd6 Nxd6
29.Kf1 Nc4 30.b3 Nd2+ 31.Ke1 Ne4 32.c4 a5 33.Bg2 Nc5 34.Kd2 Kf8 35.Kc3 Ke7
36.a3 Kd6 37.b4 axb4+ 38.axb4 Nd7 39.f4 e5 40.fxe5+ Kxe5 41.Bc6 Nf6 42.c5 bxc5
43.bxc5 Nh5 44.g4 Nf6 45.Bf3 Kf4 46.Bd1 Ne4+ 47.Kd4 Nxc5 48.Kxc5 f5  1/2-1/2

[Event "Thessaloniki ol (Men)"]
[Site "Thessaloniki"]
[Date "1988.??.??"]
[Round "2"]
[White "Yrjola, Jouni"]
[Black "Andersson, Ulf"]
[Result "0-1"]
[WhiteElo "2455"]
[BlackElo "2625"]

1.d4 Nf6 2.c4 e6 3.Nc3 Bb4 4.Qc2 O-O 5.Nf3 c5 6.dxc5 Na6 7.g3 Nxc5 8.Bg2 Nce4
9.Bd2 Nxd2 10.Nxd2 Rb8 11.O-O b6 12.Rac1 Bb7 13.Qa4 Bxg2 14.Kxg2 Bxc3 15.Rxc3 Qc7
16.Qa6 Rfc8 17.Kg1 h6 18.Qa3 Qb7 19.Rd3 b5 20.b3 d5 21.cxd5 Nxd5 22.Qb2 Rc7
23.Qd4 Rbc8 24.a3 Qa6 25.Ra1 Rc2 26.f3 Ne7 27.Qd6 Qxd6 28.Rxd6 Nd5 29.Rd1 Ra2
30.e4 Nc3 31.Re1 Rxa3 32.f4 a5 33.f5 Ra2 34.fxe6 fxe6 35.Re3 a4 36.bxa4 bxa4
37.Rd7 Nb5 38.Rf3 Rc1+ 39.Nf1 Rc7 40.Rd8+ Kh7 41.h4 Rcc2 42.Rfd3 Nc3 43.Nd2 Rc1+
44.Kf2 Nxe4+ 45.Ke3 Nxg3 46.Kf4 Nh5+  0-1

[Event "Thessaloniki ol (Men)"]
[Site "Thessaloniki"]
[Date "1988.??.??"]
[Round "4"]
[White "Ardiansyah, Haji"]
[Black "Andersson, Ulf"]
[Result "1/2-1/2"]
[WhiteElo "2460"]
[BlackElo "2625"]

1.d4 Nf6 2.Nf3 e6 3.g3 b5 4.a4 b4 5.Bg2 Bb7 6.c4 bxc3 7.Nxc3 Na6 8.O-O Be7
9.Bg5 O-O 10.Rc1 Rb8 11.Nb5 Bxf3 12.Bxf3 c6 13.Nxa7 Qb6 14.Nxc6 dxc6 15.Rxc6 Qa5
16.Bd2 Nb4 17.Rc4 Rfc8 18.Rxc8+ Rxc8 19.Qb3 g6 20.Kg2 h5 21.e4 Qb6 22.Bc3 Rb8
23.Ra1 Qa7 24.Qd1 Rd8 25.a5 Na6 26.Qa4 Rb8 27.d5 exd5 28.exd5 Nh7 29.Re1 Bf6
30.Re8+ Rxe8 31.Qxe8+ Kg7 32.Bd2 Bxb2 33.d6 Nf6 34.Qe7 Bd4 35.Qxa7 Bxa7 36.Bc6 Nb8
37.Bb5 Bc5 38.a6 Nxa6 39.Bxa6 Bxd6 40.Bc3 Be7 41.Kf3 Kf8 42.Bxf6 Bxf6  1/2-1/2

[Event "Thessaloniki ol (Men)"]
[Site "Thessaloniki"]
[Date "1988.??.??"]
[Round "5"]
[White "Andersson, Ulf"]
[Black "Hansen, Curt"]
[Result "1/2-1/2"]
[WhiteElo "2625"]
[BlackElo "2520"]

1.Nf3 d5 2.d4 Nf6 3.c4 c6 4.cxd5 cxd5 5.Nc3 Nc6 6.Bf4 Bf5 7.e3 e6 8.Bb5 Nd7
9.O-O Be7 10.Ne5 Ncxe5 11.Bxe5 O-O 12.Bg3 Rc8 13.Bd3 Bxd3 14.Qxd3 Qb6 15.Rab1 Rc6
16.Rfd1 Rfc8 17.h3 h6 18.e4 dxe4 19.Nxe4 Nf6 20.Nxf6+ Bxf6 21.d5 exd5 22.Qxd5 Rc2
23.Qf5 R8c5 24.Qd7 Qc6 25.Qxc6 Rxc6 26.a4 h5 27.b3 Re6 28.Bf4 Be7  1/2-1/2

[Event "Thessaloniki ol (Men)"]
[Site "Thessaloniki"]
[Date "1988.??.??"]
[Round "8"]
[White "Nogueiras, Jesus"]
[Black "Andersson, Ulf"]
[Result "1/2-1/2"]
[WhiteElo "2550"]
[BlackElo "2625"]

1.d4 Nf6 2.c4 e6 3.Nf3 Bb4+ 4.Nbd2 b6 5.a3 Bxd2+ 6.Qxd2 O-O 7.e3 Bb7 8.b4 a5
9.Bb2 axb4 10.axb4 Ne4 11.Qc2 Rxa1+ 12.Bxa1 f5 13.Bd3 Nc6 14.Qb3 Qe7 15.c5 Nd8
16.Bc4 Nf7 17.Bb2 Rb8 18.h4 Nf6 19.O-O b5 20.Be2 Bd5 21.Qc2 Ne4 22.g3 g5
23.Kh2 h6 24.Ne5 Nxe5 25.dxe5 g4 26.Kg1 Ra8 27.Ra1 Rxa1+ 28.Bxa1 c6 29.Bd1 Qe8
30.Bd4 Qa8 31.Qb2  1/2-1/2

[Event "Thessaloniki ol (Men)"]
[Site "Thessaloniki"]
[Date "1988.??.??"]
[Round "9"]
[White "Andersson, Ulf"]
[Black "Short, Nigel D"]
[Result "0-1"]
[WhiteElo "2625"]
[BlackElo "2665"]

1.Nf3 d5 2.d4 Nf6 3.c4 e6 4.Nc3 Be7 5.Bg5 h6 6.Bh4 O-O 7.e3 b6 8.Rc1 Bb7
9.a3 Nbd7 10.cxd5 exd5 11.Be2 c5 12.O-O Ne4 13.Bxe7 Qxe7 14.dxc5 Nxc3 15.Rxc3 bxc5
16.Qc2 Rab8 17.Rc1 Ba8 18.b3 Rfe8 19.Bf1 Qd6 20.Qd1 Red8 21.Nd2 d4 22.Nc4 Qf6
23.Rd3 Nf8 24.b4 dxe3 25.Nxe3 cxb4 26.axb4 Rxd3 27.Qxd3 Rxb4 28.Rc8 Bb7 29.Nd5 Bxd5
30.Qxd5 Qe7 31.g3 g6 32.Qc6 Rd4 33.Qc3 Rd1 34.Qc4 a5 35.Ra8 Qb4 36.Qa6 Kg7
37.Qe2 Rc1  0-1

[Event "Thessaloniki ol (Men)"]
[Site "Thessaloniki"]
[Date "1988.??.??"]
[Round "11"]
[White "Andersson, Ulf"]
[Black "Spassky, Boris V"]
[Result "1/2-1/2"]
[WhiteElo "2625"]
[BlackElo "2560"]

1.d4 Nf6 2.c4 e6 3.Nf3 Bb4+ 4.Bd2 Bxd2+ 5.Qxd2 d5 6.Nc3 O-O 7.e3 Qe7 8.Rc1 Rd8
9.Qc2 dxc4 10.Bxc4 c5 11.O-O cxd4 12.Nxd4 Bd7 13.Rfd1 Nc6 14.Nxc6 Bxc6 15.h3 h6
16.Bb5 Rac8 17.Bxc6 Rxc6 18.Rxd8+ Qxd8 19.Rd1 Rd6 20.Rxd6 Qxd6 21.a3 a6 22.Ne2 Qd7
23.Nf4 Nd5 24.Nxd5 Qxd5  1/2-1/2

[Event "Thessaloniki ol (Men)"]
[Site "Thessaloniki"]
[Date "1988.??.??"]
[Round "13"]
[White "Andersson, Ulf"]
[Black "Sosonko, Gennadi"]
[Result "1/2-1/2"]
[WhiteElo "2625"]
[BlackElo "2540"]

1.c4 e5 2.Nc3 Nf6 3.e3 c6 4.Nf3 e4 5.Nd4 d5 6.cxd5 cxd5 7.d3 Bc5 8.Nb3 Bb4
9.dxe4 Nxe4 10.Qd4 Bxc3+ 11.bxc3 O-O 12.c4 Nc6 13.Qxd5 Qe7 14.Bd3 Qb4+ 15.Kf1 Nf6
16.Qc5 Qc3 17.Be2 Rd8 18.f3 Be6 19.Ba3 Nd7  1/2-1/2

[Event "Thessaloniki ol (Men)"]
[Site "Thessaloniki"]
[Date "1988.??.??"]
[Round "14"]
[White "Andersson, Ulf"]
[Black "Greenfeld, Alon"]
[Result "1-0"]
[WhiteElo "2625"]
[BlackElo "2550"]

1.c4 Nf6 2.Nf3 c5 3.Nc3 e6 4.g3 b6 5.Bg2 Bb7 6.O-O Be7 7.d4 cxd4 8.Qxd4 d6
9.b3 Nbd7 10.Nb5 Nc5 11.Rd1 Nfe4 12.b4 Bf6 13.Qe3 Bxa1 14.bxc5 bxc5 15.Ng5 Bd4
16.Nxd4 cxd4 17.Rxd4 Nc5 18.Bxb7 Nxb7 19.Nxf7 Kxf7 20.Qf3+ Kg8 21.Qxb7 Rb8
22.Qe4 Kf7 23.Ba3 Qf6 24.Bxd6 Rb1+ 25.Kg2 Re8 26.Be5 Qf5 27.Qe3 g5 28.h4 h6
29.g4  1-0

[Event "Hoogovens"]
[Site "Wijk aan Zee"]
[Date "1988.??.??"]
[Round "?"]
[White "Andersson, Ulf"]
[Black "Agdestein, Simen"]
[Result "1-0"]
[WhiteElo "2605"]
[BlackElo "2560"]

1.Nf3 Nf6 2.c4 b6 3.g3 Bb7 4.Bg2 e6 5.O-O Be7 6.d4 O-O 7.Nc3 Ne4 8.Nxe4 Bxe4
9.Ne1 Bxg2 10.Nxg2 d5 11.Qa4 Qe8 12.Qxe8 Rxe8 13.cxd5 exd5 14.Rd1 Na6 15.Be3 Rad8
16.Rac1 c5 17.dxc5 bxc5 18.Nf4 d4 19.Bd2 Bd6 20.Kf1 Bxf4 21.Bxf4 Rd5 22.Rc4 Re6
23.a3 h6 24.b4 cxb4 25.axb4 Rb6 26.Bd2 Rdb5 27.Rb1 Nb8 28.Rbc1 Na6 29.Rxd4 Nxb4
30.Rc8+ Kh7 31.Rc7 Rb7 32.Rxb7 Rxb7  1-0

[Event "Cannes schev"]
[Site "Cannes"]
[Date "1989.??.??"]
[Round "?"]
[White "Miralles, Gilles"]
[Black "Andersson, Ulf"]
[Result "0-1"]
[WhiteElo "2400"]
[BlackElo "2620"]

1.Nf3 c5 2.c4 g6 3.g3 b6 4.Bg2 Bb7 5.O-O Bg7 6.Nc3 Nc6 7.e3 Nf6 8.d4 cxd4
9.exd4 O-O 10.Bf4 Na5 11.c5 Nd5 12.Nxd5 Bxd5 13.Be5 Bh6 14.Ne1 Bxg2 15.Nxg2 Nc6
16.Bf4 Bg7 17.d5 Nd4 18.b4 bxc5 19.bxc5 Qa5 20.Be3 Qxc5 21.Nf4 e5 22.Rc1 Qa3
23.Bxd4 exd4 24.Qg4 Rfd8 25.Rc7 h5 26.Qe2 Qd6 27.Rc4 Re8 28.Qf3 Rac8 29.Rfc1 Rxc4
30.Rxc4 Qa6 31.Qb3 Qa5 32.Ra4 Qe1+ 33.Kg2 Rc8 34.Rc4 Qe4+ 35.Kg1 Qe1+ 36.Kg2 Qe4+
37.Kg1 Rxc4 38.Qxc4 Bh6 39.Nd3 h4 40.Nc5 Qb1+ 41.Kg2 Qf5 42.Qxd4 h3+ 43.Kf1 Qb1+
44.Ke2 Qxa2+ 45.Kf3 Qb1 46.Qe4 Qd1+  0-1

[Event "Cannes schev"]
[Site "Cannes"]
[Date "1989.??.??"]
[Round "?"]
[White "Lautier, Joel"]
[Black "Andersson, Ulf"]
[Result "1/2-1/2"]
[WhiteElo "2450"]
[BlackElo "2620"]

1.d4 d5 2.c4 dxc4 3.Nf3 Nf6 4.Nc3 a6 5.e4 b5 6.e5 Nd5 7.a4 e6 8.axb5 Bb4
9.Bd2 Nb6 10.Ne4 Bxd2+ 11.Nexd2 axb5 12.Rxa8 Nxa8 13.Bxc4 bxc4 14.Qa4+ Bd7
15.Qxa8 O-O 16.O-O Bc6 17.Qa3 Bd5 18.Qc3 Nc6 19.Ne1 f6 20.Nxc4 Bxc4 21.Qxc4 Nxd4
22.exf6 Rxf6 23.Nc2 Nxc2 24.Qxc2 Rf5 25.Re1 Qd7 26.Qe4 Rd5 27.h3 Rd1 28.Qa8+ Qd8
29.Qxd8+ Rxd8 30.Re2 Kf7 31.Rc2 Rd1+ 32.Kh2 c5 33.Kg3 Rd5  1/2-1/2

[Event "Cannes schev"]
[Site "Cannes"]
[Date "1989.??.??"]
[Round "?"]
[White "Andersson, Ulf"]
[Black "Renet, Olivier"]
[Result "1/2-1/2"]
[WhiteElo "2620"]
[BlackElo "2480"]

1.Nf3 d5 2.d4 Nf6 3.c4 e6 4.Nc3 Be7 5.Bg5 O-O 6.e3 h6 7.Bh4 b6 8.Rc1 Bb7
9.cxd5 Nxd5 10.Bxe7 Qxe7 11.Nxd5 Bxd5 12.Be2 c5 13.dxc5 bxc5 14.O-O Qb7 15.b3 Nd7
16.Qd3 a5 17.Rfd1 Ra7 18.Nd2 a4 19.e4 Bc6 20.Qe3 axb3 21.axb3 Rb8 22.Rc3 Qb4
23.h3 Ra2 24.Bf1 Rba8 25.Rc4 Qb8 26.Rdc1 Rb2 27.Rb1 Rxb1  1/2-1/2

[Event "Cannes schev"]
[Site "Cannes"]
[Date "1989.??.??"]
[Round "?"]
[White "Andersson, Ulf"]
[Black "Miralles, Gilles"]
[Result "1-0"]
[WhiteElo "2620"]
[BlackElo "2400"]

1.c4 Nf6 2.Nf3 e6 3.g3 d5 4.Bg2 Be7 5.O-O O-O 6.d4 dxc4 7.Qc2 a6 8.Qxc4 b5
9.Qc2 Bb7 10.Bg5 Nbd7 11.Bxf6 Nxf6 12.Nbd2 Rc8 13.Nb3 Be4 14.Qc3 Nd5 15.Qd2 Nb4
16.Rfc1 Bd5 17.Qd1 a5 18.a3 a4 19.Nc5 Nc6 20.Nb7 Qd7 21.e3 Rb8 22.Nc5 Qc8
23.Nd2 Rd8 24.b4 axb3 25.Ndxb3 Rb6 26.Bxd5 Rxd5 27.a4 bxa4 28.Nxa4 Ra6 29.Qc2 Bd6
30.Nc3 Nb4 31.Qe2 Rg5 32.Rxa6 Nxa6 33.Ne4 Rd5 34.Ra1 Nb8 35.Nc3 Rg5 36.Ne4 Rd5
37.Nc3 Rg5 38.Qc4 Qb7 39.Rb1 Qc6 40.Nc5 Nd7 41.Nxd7 Qxd7 42.Ne4  1-0

[Event "Cannes schev"]
[Site "Cannes"]
[Date "1989.??.??"]
[Round "?"]
[White "Andersson, Ulf"]
[Black "Lautier, Joel"]
[Result "1-0"]
[WhiteElo "2620"]
[BlackElo "2450"]

1.c4 Nf6 2.Nf3 g6 3.g3 Bg7 4.Bg2 O-O 5.O-O d6 6.Nc3 e5 7.d3 Nc6 8.Rb1 a5
9.a3 Bf5 10.Bg5 h6 11.Bxf6 Bxf6 12.Nd2 Bg7 13.b4 axb4 14.axb4 Qc8 15.Nd5 Be6
16.b5 Bxd5 17.Bxd5 Ne7 18.Bg2 c6 19.Ne4 Qe6 20.Qb3 f5 21.Nxd6 c5 22.Nxb7 Qb6
23.Nxc5 Qxc5 24.Bxa8 Rxa8 25.Qb4 Qxb4 26.Rxb4 Kf7 27.b6 e4 28.dxe4 fxe4 29.c5 Nc6
30.Rxe4 Ra5 31.Rd1 Ra1 32.Rxa1 Bxa1 33.e3 Bf6 34.Kf1 Be7 35.Ke2 Nd8 36.Rc4 Nc6
37.f4 Ke6 38.Kd3 Kd7 39.Ke4 Ke6 40.g4  1-0

[Event "Cannes schev"]
[Site "Cannes"]
[Date "1989.??.??"]
[Round "?"]
[White "Andersson, Ulf"]
[Black "Anand, Viswanathan"]
[Result "1-0"]
[WhiteElo "2620"]
[BlackElo "2515"]

1.d4 d5 2.Nf3 Nf6 3.c4 c6 4.e3 g6 5.Nc3 Bg7 6.Bd3 O-O 7.O-O Bg4 8.h3 Bxf3
9.Qxf3 e6 10.Rd1 Nbd7 11.Bd2 Nb6 12.Qe2 dxc4 13.Bxc4 Nxc4 14.Qxc4 Nd5 15.Rac1 Re8
16.Ne4 e5 17.dxe5 Bxe5 18.Bc3 Qe7 19.Bxe5 Qxe5 20.Rd4 Re7 21.Rcd1 Rae8 22.b4 Kg7
23.a3 h5 24.Qc1 a6 25.Qb2 Kg8 26.Qd2 Kg7 27.a4 b6 28.Rc1 Re6 29.a5 Rb8 30.axb6 Rxb6
31.Nc5 Re7 32.Na4 Rb5 33.Rxc6 Reb7 34.Rcc4 Nb6 35.Rc5 Rxc5 36.Nxc5 Ra7 37.f4 Qe7
38.Qc3 Kg8 39.Re4 Qd8 40.Qe5 a5 41.Rd4 Qf8  1-0

[Event "Cannes schev"]
[Site "Cannes"]
[Date "1989.??.??"]
[Round "?"]
[White "Renet, Olivier"]
[Black "Andersson, Ulf"]
[Result "0-1"]
[WhiteElo "2480"]
[BlackElo "2620"]

1.e4 e6 2.d4 d5 3.Nc3 Nf6 4.Bg5 dxe4 5.Nxe4 Be7 6.Bxf6 gxf6 7.Qd2 b6 8.Bb5+ c6
9.Bc4 Bb7 10.O-O-O b5 11.Be2 Nd7 12.Nf3 Qc7 13.Rhe1 O-O-O 14.Qh6 Rdg8 15.g3 f5
16.Ned2 Bf8 17.Qe3 h5 18.Kb1 Nf6 19.Bd3 Kb8 20.Qe2 Bg7 21.c4 bxc4 22.Nxc4 Ka8
23.Rc1 Rc8 24.Nce5 Ng4 25.Ba6 Rhd8 26.Bxb7+ Qxb7 27.Nc4 c5 28.h3 cxd4 29.hxg4 d3
30.Na5 Rxc1+ 31.Rxc1 dxe2 32.Nxb7 Kxb7 33.gxh5 e5 34.Re1 Rd3 35.Nxe5 Rd1+  0-1

[Event "Clermont Ferrand"]
[Site "Clermont Ferrand"]
[Date "1989.??.??"]
[Round "?"]
[White "Andersson, Ulf"]
[Black "Nogueiras, Jesus"]
[Result "1/2-1/2"]
[WhiteElo "2635"]
[BlackElo "2560"]

1.d4 Nf6 2.Nf3 e6 3.c4 b6 4.g3 Bb7 5.Bg2 Be7 6.O-O O-O 7.Nc3 Ne4 8.Nxe4 Bxe4
9.Ne1 Bxg2 10.Nxg2 d5 11.cxd5 Qxd5 12.Nf4 Qb7 13.Be3 Na6 14.Rc1 Rfd8  1/2-1/2

[Event "Clermont Ferrand"]
[Site "Clermont Ferrand"]
[Date "1989.??.??"]
[Round "?"]
[White "Lautier, Joel"]
[Black "Andersson, Ulf"]
[Result "1/2-1/2"]
[WhiteElo "2465"]
[BlackElo "2635"]

1.e4 e6 2.d4 d5 3.Nd2 c5 4.Ngf3 cxd4 5.exd5 Qxd5 6.Bc4 Qd6 7.O-O Nf6 8.Nb3 Nc6
9.Nbxd4 Nxd4 10.Nxd4 Bd7 11.c3 Qc7 12.Qe2 Bd6 13.g3 O-O 14.Bg5 Rfc8 15.Bd3 Nd5
16.Qe4 g6 17.Rfd1 a6 18.Qf3 Ne7 19.Be4 Nc6 20.Bf6 Rab8 21.h4 Ne5 22.Qe2 h5
23.Bg5 Re8 24.Bg2 Ng4 25.Qd3 Bc5 26.Rd2 e5 27.Nb3 Bb5 28.Qc2 Ba7 29.Bd5 Kg7
30.c4 Rbc8 31.Rc1 Ba4 32.Re2 Bc6 33.Bxc6 Qxc6 34.c5 b6 35.Re4 a5 36.a4 Rb8
37.Bd2 bxc5 38.Nxa5 Qf6 39.Bg5 Qe6 40.Nc4 f6 41.Bd2 Red8 42.Bc3 Kh7 43.b3 Rb7
44.Rd1 Rxd1+ 45.Qxd1 Nh6 46.Kh2 Nf5 47.f4 Qc6 48.Qe1 Qd5 49.fxe5 Bb8 50.Nd2 Qd3
51.Ba1 Rd7 52.Re2 Nxg3 53.Rg2 Nf5 54.Ne4 Rf7 55.Nxc5 Qd5 56.b4 Re7 57.Qe4 Qd1
58.Rg1 Qd2+ 59.Rg2 Qd1 60.Rg1 Qd2+ 61.Rg2  1/2-1/2

[Event "Clermont Ferrand"]
[Site "Clermont Ferrand"]
[Date "1989.??.??"]
[Round "?"]
[White "Renet, Olivier"]
[Black "Andersson, Ulf"]
[Result "1/2-1/2"]
[WhiteElo "2515"]
[BlackElo "2635"]

1.e4 c5 2.Nf3 Nc6 3.d4 cxd4 4.Nxd4 g6 5.c4 Nf6 6.Nc3 d6 7.Be2 Nxd4 8.Qxd4 Bg7
9.Bg5 O-O 10.Qd2 Be6 11.O-O a6 12.Rac1 Qa5 13.f3 Rfc8 14.b3 b5 15.Nd5 Qxd2
16.Bxd2 Nxd5 17.cxd5 Bd4+ 18.Kh1 Bd7 19.Rxc8+ Rxc8 20.Rc1 Rxc1+ 21.Bxc1 e6
22.dxe6 fxe6 23.g3 Kf7 24.Kg2 e5 25.Bd3 Be6 26.Bd2 Bb6 27.f4 Ke7 28.Kf3 exf4
29.Bxf4 Bd4 30.Bd2 Kd7 31.a4 Kc6 32.axb5+ axb5 33.b4 Bc4 34.Bc2 Be5 35.Bb1 Kd7
36.Ke3 Ke6 37.Bd3 Bxd3 38.Kxd3 h5 39.Bc3 g5 40.Bd4 d5 41.Bxe5 Kxe5 42.exd5 Kxd5
43.h3  1/2-1/2

[Event "Clermont Ferrand"]
[Site "Clermont Ferrand"]
[Date "1989.??.??"]
[Round "?"]
[White "Sokolov, Andrei"]
[Black "Andersson, Ulf"]
[Result "1-0"]
[WhiteElo "2595"]
[BlackElo "2635"]

1.e4 e6 2.d4 d5 3.Nd2 c5 4.exd5 Qxd5 5.Ngf3 cxd4 6.Bc4 Qd6 7.O-O Nf6 8.Nb3 Nc6
9.Nbxd4 Nxd4 10.Nxd4 Bd7 11.c3 Qc7 12.Qe2 Bd6 13.Nb5 Bxb5 14.Bxb5+ Ke7 15.g3 Rhd8
16.Re1 Rac8 17.Qf3 a6 18.Bf1 Qc6 19.Qxc6 Rxc6 20.Bg2 Rc7 21.Be3 Bc5 22.Bxc5+ Rxc5
23.Bxb7 Rb8 24.Bxa6 Rxb2 25.a4 Rxc3 26.a5 Nd5 27.Bf1 Rc7 28.a6 Ra7 29.Reb1 Rxb1
30.Rxb1 Kd6 31.Rb8 h6 32.h4 Kc7 33.Rg8 g6 34.Rh8 h5 35.Rf8 Kc6 36.Kg2 Rc7
37.Rb8 Ra7 38.Rf8 Rc7 39.Rb8 Ra7 40.Bb5+ Kc7 41.Rf8 Kb6 42.Rb8+ Kc7 43.Rf8 Kb6
44.Bf1 Rc7 45.Kf3 Nf6 46.Rb8+ Ka7 47.Rb2 e5 48.Rd2 Rc3+ 49.Kg2 Rc7 50.Kf3 Rc3+
51.Kg2 Rc7 52.Rd6 Ne8 53.Rd5 Re7 54.Bc4 Kb6 55.Rb5+ Ka7 56.Rd5 Kb6 57.Rd8 Ng7
58.Rb8+ Ka7 59.Rf8 Ne6 60.Bxe6 Rxe6 61.Rxf7+ Kxa6 62.Kf3 Kb6 63.Ke4 Kc6 64.Rg7 Kc5
65.Rd7 Rf6 66.Rd2 Rf5 67.f3 Kc6 68.Ra2 Kb7 69.Ra5 Rf6 70.Rc5 Kb6 71.Rc3 Rf5
72.Rc8 Rf6 73.Rc3 Rf5 74.Rc8 Rf6 75.Rg8 Kc5 76.Kxe5 Rxf3 77.Rxg6 Kc4 78.Ke4 Rf8
79.Rc6+ Kb4 80.Rh6 Rg8 81.Kf4  1-0

[Event "Clermont Ferrand"]
[Site "Clermont Ferrand"]
[Date "1989.??.??"]
[Round "?"]
[White "Spassky, Boris V"]
[Black "Andersson, Ulf"]
[Result "1/2-1/2"]
[WhiteElo "2580"]
[BlackElo "2635"]

1.d4 Nf6 2.Nf3 e6 3.Bg5 c5 4.e3 Be7 5.Nbd2 b6 6.c3 Bb7 7.Bd3 Nc6 8.O-O O-O
9.Qe2 cxd4 10.cxd4 Nd5 11.Bxe7 Ncxe7 12.g3 Nf6 13.Ba6 Qc8 14.Bxb7 Qxb7 15.a4 a6
16.Ne5 b5 17.Nd3 d6 18.axb5 axb5 19.Nb4 Ned5 20.Qf3 Rab8 21.Nd3  1/2-1/2

[Event "Clermont Ferrand"]
[Site "Clermont Ferrand"]
[Date "1989.??.??"]
[Round "?"]
[White "Andersson, Ulf"]
[Black "Dolmatov, Sergey"]
[Result "1/2-1/2"]
[WhiteElo "2635"]
[BlackElo "2615"]

1.Nf3 f5 2.g3 Nf6 3.Bg2 g6 4.b3 Bg7 5.Bb2 O-O 6.O-O d6 7.d4 a5 8.c4 c6 9.Nbd2 Na6
10.a3 e5 11.dxe5 Nd7 12.Nd4 Nxe5 13.Qc2 Bd7 14.Bc3 Nc7 15.e3 Qe7 16.Rfe1 Ng4
17.h3 Nf6 18.b4 axb4 19.axb4 d5 20.c5 Ne4 21.Nxe4 fxe4 22.Rxa8 Rxa8 23.Ra1 Rxa1+  1/2-1/2

[Event "Haninge"]
[Site "Haninge"]
[Date "1989.??.??"]
[Round "?"]
[White "Wilder, Michael"]
[Black "Andersson, Ulf"]
[Result "1/2-1/2"]
[WhiteElo "2540"]
[BlackElo "2620"]

1.d4 Nf6 2.c4 e6 3.Nf3 Bb4+ 4.Nbd2 O-O 5.a3 Bxd2+ 6.Bxd2 Ne4 7.Be3 b6 8.g3 Bb7
9.Bg2 d5 10.Rc1 Nd7 11.cxd5 Bxd5 12.O-O Nef6 13.Bf4  1/2-1/2

[Event "Haninge"]
[Site "Haninge"]
[Date "1989.??.??"]
[Round "?"]
[White "Hellers, Ferdinand"]
[Black "Andersson, Ulf"]
[Result "0-1"]
[WhiteElo "2565"]
[BlackElo "2620"]

1.e4 e6 2.d4 d5 3.Nc3 Nf6 4.Bg5 dxe4 5.Nxe4 Be7 6.Bxf6 gxf6 7.Nf3 b6 8.g3 Bb7
9.Qe2 Qd5 10.Ned2 Nc6 11.c3 O-O-O 12.Bg2 Qh5 13.O-O e5 14.Rad1 exd4 15.Nxd4 Qxe2
16.Nxe2 h5 17.h4 Ne5 18.Nd4 Bc5 19.Nf5 Ba6 20.c4 Bb4 21.Ne4 Bxc4 22.Rxd8+ Rxd8
23.Ra1 Be6 24.Ng7 f5 25.Ng5 Rd2 26.N5xe6 fxe6 27.Re1 Bd6 28.Nxe6 Nd3 29.Re3 Nxf2
30.Nf8 Ne4 31.Bxe4 Bc5 32.Bxf5+ Kb7  0-1

[Event "Haninge"]
[Site "Haninge"]
[Date "1989.??.??"]
[Round "?"]
[White "Polugaevsky, Lev"]
[Black "Andersson, Ulf"]
[Result "1/2-1/2"]
[WhiteElo "2575"]
[BlackElo "2620"]

1.d4 Nf6 2.c4 e6 3.Nc3 Bb4 4.Qc2 c5 5.dxc5 O-O 6.a3 Bxc5 7.Nf3 Nc6 8.Bg5 Nd4
9.Nxd4 Bxd4 10.e3 Qa5 11.exd4 Qxg5 12.Qd2 Qxd2+ 13.Kxd2 b6 14.b4 d6 15.Be2 Bb7
16.f3 Rfc8 17.a4 a5 18.Rhb1 Bc6 19.bxa5 bxa5 20.Nb5 Rd8 21.Ke3 Kf8 22.Ra3 Ke7
23.Nc3 Rdb8 24.Rab3 Rxb3 25.Rxb3 Nd7 26.Bd3  1/2-1/2

[Event "Haninge"]
[Site "Haninge"]
[Date "1989.??.??"]
[Round "?"]
[White "Andersson, Ulf"]
[Black "Wedberg, Tom"]
[Result "1/2-1/2"]
[WhiteElo "2620"]
[BlackElo "2510"]

1.Nf3 Nf6 2.c4 e6 3.Nc3 d5 4.d4 Be7 5.Bg5 h6 6.Bxf6 Bxf6 7.e3 O-O 8.Rc1 c6
9.Bd3 Nd7 10.O-O dxc4 11.Bxc4 e5 12.Bb3 exd4 13.exd4 Re8 14.Qd2 Nf8 15.d5 Bxc3
16.Rxc3 cxd5 17.Bxd5 Qf6 18.Rd1 Rb8 19.Qd4 Qxd4 20.Nxd4 Rd8 21.Bb3 Be6 22.Nxe6 Rxd1+
23.Bxd1 Nxe6 24.Kf1 Rd8 25.Bg4 Rd2 26.Bxe6 fxe6 27.Rb3 b6 28.g3 e5 29.h4 Kf7
30.Ra3 Rxb2 31.Rxa7+ Kf6 32.h5 b5 33.a3 b4 34.Ra6+ Kf7 35.axb4 Rxb4 36.Kg2  1/2-1/2

[Event "Haninge"]
[Site "Haninge"]
[Date "1989.??.??"]
[Round "?"]
[White "Andersson, Ulf"]
[Black "Van der Wiel, John TH"]
[Result "1/2-1/2"]
[WhiteElo "2620"]
[BlackElo "2560"]

1.Nf3 d5 2.d4 Nf6 3.c4 c6 4.e3 Bf5 5.Bd3 Bxd3 6.Qxd3 e6 7.O-O Nbd7 8.Nc3 Bb4
9.Bd2 Bxc3 10.Bxc3 O-O 11.Nd2 Rc8 12.Rac1 c5 13.Rfd1 Qe7 14.cxd5 Nxd5 15.e4 Nxc3
16.Qxc3 cxd4 17.Qxc8 Rxc8 18.Rxc8+ Nf8 19.e5 Qb4 20.b3 Qa5 21.Nf3 Qxa2 22.h4 d3
23.Rc3 h6 24.h5 Nd7 25.Rcxd3 Nc5 26.Rd8+ Kh7 27.Rf8 Nd3 28.Rxf7 Qxf2+ 29.Kh2 Qe2
30.Rd2 Qe3 31.Rc2 Nxe5 32.Nxe5 Qxe5+ 33.Kg1 Qd4+ 34.Kh2 Qh4+ 35.Kg1 Qd4+
36.Kh2 Qe5+ 37.Kg1 Qe3+ 38.Kh2 Qxb3 39.Rcc7 Qb2 40.Rxb7 Qe5+ 41.Kg1 a5 42.Ra7 Qd4+
43.Kh2 Qh4+ 44.Kg1 Qd4+ 45.Kh2 a4 46.Rfd7 Qe5+ 47.Kg1 a3 48.Ra4 Qc5+ 49.Kh2 Qxh5+
50.Kg1 Qc5+ 51.Kh2 Qh5+ 52.Kg1 Qc5+ 53.Kh2 Qe5+ 54.Kh1 Qa1+ 55.Kh2 Qe5+ 56.Kh1 Qg5
57.Kh2 Qc1 58.Rda7 Qc5 59.Rxa3 e5 60.R7a5 Qc7 61.Ra7 Qc5 62.R7a5 Qd6 63.Ra6 Qd8
64.R6a4 Qd6 65.Ra7 h5 66.Rg3 Qf6 67.Rgxg7+ Qxg7 68.Rxg7+ Kxg7 69.g4 hxg4
70.Kg3  1/2-1/2

[Event "Haninge"]
[Site "Haninge"]
[Date "1989.??.??"]
[Round "?"]
[White "Andersson, Ulf"]
[Black "Sax, Gyula"]
[Result "1/2-1/2"]
[WhiteElo "2620"]
[BlackElo "2610"]

1.d4 e6 2.c4 Nf6 3.Nf3 b6 4.g3 Ba6 5.Nbd2 Bb4 6.Qa4 c5 7.a3 Bxd2+ 8.Bxd2 cxd4
9.Bg2 Bb7 10.O-O O-O 11.Nxd4 Bxg2 12.Kxg2 Qc7 13.Rfd1 a6 14.Rac1 Rc8 15.Qb3 d6
16.Nf3 Nbd7 17.Bf4 Nc5 18.Qc2 Nce4 19.Nd2 Nxd2 20.Qxd2 Ne8 21.f3  1/2-1/2

[Event "Haninge"]
[Site "Haninge"]
[Date "1989.??.??"]
[Round "?"]
[White "Andersson, Ulf"]
[Black "Smyslov, Vassily"]
[Result "1/2-1/2"]
[WhiteElo "2620"]
[BlackElo "2560"]

1.c4 e5 2.Nc3 Nf6 3.Nf3 Nc6 4.d3 d5 5.cxd5 Nxd5 6.g3 Be7 7.Nxd5 Qxd5 8.Bg2 Be6
9.O-O Qd7 10.Be3 O-O 11.a3 a5 12.Rc1 f6 13.Nd2 a4 14.Bxc6 bxc6 15.Qc2 Ra6  1/2-1/2

[Event "Haninge"]
[Site "Haninge"]
[Date "1989.??.??"]
[Round "?"]
[White "Ftacnik, Lubomir"]
[Black "Andersson, Ulf"]
[Result "1/2-1/2"]
[WhiteElo "2550"]
[BlackElo "2620"]

1.d4 Nf6 2.c4 e6 3.Nf3 Bb4+ 4.Bd2 Bxd2+ 5.Qxd2 O-O 6.g3 d5 7.Bg2 Nbd7 8.O-O c6
9.Rc1 Re8 10.Na3 Qe7 11.Rc2 h6 12.Rd1  1/2-1/2

[Event "Haninge"]
[Site "Haninge"]
[Date "1989.??.??"]
[Round "?"]
[White "Andersson, Ulf"]
[Black "Arnason, Jon L"]
[Result "1-0"]
[WhiteElo "2620"]
[BlackElo "2550"]

1.Nf3 Nf6 2.c4 e6 3.g3 a6 4.Bg2 b5 5.b3 c5 6.O-O Bb7 7.Nc3 Qb6 8.e3 Be7 9.Qe2 O-O
10.Rd1 Ne4 11.Nxe4 Bxe4 12.d3 Bf6 13.Bb2 Bxb2 14.Qxb2 Bc6 15.Rac1 d6 16.d4 bxc4
17.dxc5 Qb7 18.Ne1 Bxg2 19.Nxg2 d5 20.e4 Rc8 21.exd5 exd5 22.Ne3 Rxc5 23.Qd4 Qa7
24.Rxc4 Rxc4 25.Qxc4 Nd7 26.Qxd5 Nf6 27.Qd8+ Ne8 28.Qa5 Qe7 29.Qb6 h6 30.Qc6 Ra7
31.Qc8 Kh7 32.h4 h5 33.Rd8 Nd6 34.Rh8+ Kg6 35.Qc5 f5 36.Nd5 Qe1+ 37.Kh2  1-0